000
00219 a2200097 4500
001
32719
100
_a
GOR, Elton, Lord
245
_a
General Gordon's K J
260
_a
London
_b
William Kimber
_c
090
_c
21918
_d
21918
942
_a
NUST-CAE
_c
M
_c
13245
999
_c
267792
_d
267792